Výsledky členů České asociace pojišťoven v roce 2000
Výsledky jednotlivých poisťovní združených v Českej asociácii poisťovní dosahované v životnom i neživotnom poistení za rok 2000.
Salvato in:
| Autore principale: | |
|---|---|
| Natura: | Capitolo di libro |
| Lingua: | ceco |
| Soggetti: | |
| Tags: |
Nessun Tag, puoi essere il primo ad aggiungerne!!
|
MARC
| LEADER | 00000naa a2200000 4500 | ||
|---|---|---|---|
| 001 | r042805 | ||
| 005 | 20230922100317.8 | ||
| 041 | 0 | |a cze | |
| 044 | |a CZ | ||
| 245 | 1 | 0 | |a Výsledky členů České asociace pojišťoven v roce 2000 |c Ladislav Bartoníček |
| 520 | |a Výsledky jednotlivých poisťovní združených v Českej asociácii poisťovní dosahované v životnom i neživotnom poistení za rok 2000. | ||
| 610 | 2 | 0 | |a poisťovníctvo |
| 610 | 2 | 0 | |a poisťovne |
| 610 | 2 | 0 | |a poisťovne komerčné |
| 610 | 2 | 0 | |a poistenie životné |
| 610 | 2 | 0 | |a poistenie neživotné |
| 610 | 2 | 0 | |a Česko |
| 100 | 1 | |a Bartoníček, Ladislav | |